Normal view MARC view

Entry Nombre personal

Number of records used in: 2

001 - NÚMERO DE CONTROL

  • campo de control: 93667

003 - IDENTIFICADOR DE NÚMERO DE CONTROL

  • campo de control: SpMaBN

005 - FECHA Y HORA DE LA ÚLTIMA TRANSACCIÓN

  • campo de control: 20230626181548.0

008 - ELEMENTOS DE DATO DE LONGITUD-FIJA

  • campo de control de longitud fija: 001115n| aijnnaabn |a aaa

016 ## - NÚMERO DE CONTROL DE UNA AGENCIA BIBLIOGRÁFICA NACIONAL

  • Número de control del registro: BNE20004181037

024 7# - IDENTIFICADOR DE OTROS ESTÁNDARES

  • Número estándar o código: http://www.wikidata.org/entity/Q9014685
  • Fuente: wikidata

024 7# - IDENTIFICADOR DE OTROS ESTÁNDARES

  • Número estándar o código: http://viaf.org/viaf/102342769/
  • Fuente: viaf

024 7# - IDENTIFICADOR DE OTROS ESTÁNDARES

  • Número estándar o código: https://isni.org/isni/0000000079807819
  • Fuente: isni

040 ## - FUENTE DE CATALOGACIÓN

  • Centro catalogador/agencia de origen: SpMaBN
  • Lengua de catalogación: spa
  • Centro/agencia transcriptor: SpMaBN
  • Normas de descripción: rdc
  • Convención/Normas de encabezamiento de materia/tesauro: embne

046 ## - FECHAS CON CODIFICACIÓN ESPECIAL

  • Fecha de nacimiento: 1867
  • Fecha de la muerte: 1932

100 1# - ENCABEZAMIENTO-NOMBRE DE PERSONA

  • Nombre de persona: Prat, José,
  • Fechas asociadas al nombre: 1867-1932

370 ## - LUGAR ASOCIADO

  • Lugar de nacimiento: Barcelona
  • Número de control del registro de autoridad o número normalizado: XX450579
  • Fuente de información: Wikidata

374 ## - OCUPACIÓN

  • Ocupación: Sindicalistas
  • Ocupación: Periodistas
  • Fuente de información: Wikidata

375 ## - GÉNERO/SEXO

  • Género: Masculino
  • Fuente de información: Wikidata

377 ## - IDIOMA ASOCIADO

  • Término de lengua/lenguaje: Catalán
  • Término de lengua/lenguaje: Español

400 1# - TRAZADO DE VÉASE--NOMBRE DE PERSONA

  • Nombre de persona: Prat, J.,
  • Fechas asociadas al nombre: 1867-1932

400 1# - TRAZADO DE VÉASE--NOMBRE DE PERSONA

  • Nombre de persona: Prat, Josep,
  • Fechas asociadas al nombre: 1867-1932

670 ## - FUENTE DE DATOS ENCONTRADOS

  • Cita de la fuente: La burguesía y el proletariado, 1909
  • Información encontrada: port. (José Prat)

670 ## - FUENTE DE DATOS ENCONTRADOS

  • Cita de la fuente: La democracia y los hacendistas, 1911?
  • Información encontrada: port. (trad. de José Prat)

670 ## - FUENTE DE DATOS ENCONTRADOS

  • Cita de la fuente: Los límites del sindicalismo revolucionario, 1912
  • Información encontrada: port. (trad. de J. Prat)

670 ## - FUENTE DE DATOS ENCONTRADOS

  • Cita de la fuente: Gran enc. cat.
  • Información encontrada: (Prat, Josep (Barcelona ? -1932; anarquista; escritor y traductor, defensor del anarco-sindicalismo)

670 ## - FUENTE DE DATOS ENCONTRADOS

  • Cita de la fuente: WWW Wikipedia, 12-5-2016
  • Información encontrada: (José Prat (1867-1932) fue un periodista anarquista español, con una importante actuación en España y Argentina. Fue pionero del anarcosindicalismo español)
  • Identificador Uniforme de Recursos: https://es.wikipedia.org/wiki/Jos%C3%A9_Prat_(anarquista)